Premier League Player of the Season - Statistics

General Stats
  • This quiz has been taken 50 times
  • The average score is 18 of 30
Answer Stats
Year Winner Team % Correct
2023-24 Phil Foden Manchester City
98%
2022-23 Erling Haaland Manchester City
95%
2021-22 Kevin De Bruyne Manchester City
93%
2017-18 Mohammed Salah Liverpool
88%
2018-19 Virgil Van Dijk Liverpool
88%
2015-16 Jamie Vardy Leicester City
86%
2014-15 Eden Hazard Chelsea
76%
2019-20 Kevin De Bruyne Manchester City
76%
2009-10 Wayne Rooney Manchester United
76%
2005-06 Thierry Henry Arsenal
74%
2003-04 Thierry Henry Arsenal
74%
2013-14 Luis Suarez Liverpool
71%
2007-08 Cristiano Ronaldo Manchester United
69%
2020-21 Ruben Dias Manchester City
69%
2004-05 Frank Lampard Chelsea
67%
2016-17 N'Golo Kante Chelsea
67%
2012-13 Gareth Bale Tottenham Hotspur
64%
2006-07 Cristiano Ronaldo Manchester United
60%
2011-12 Vincent Kompany Manchester City
57%
1994-95 Alan Shearer Blackburn Rovers
52%
2010-11 Nemanja Vidic Manchester United
50%
2008-09 Nemanja Vidic Manchester United
45%
2002-03 Ruud Van Nistelrooy Manchester United
40%
1997-98 Michael Owen Liverpool
31%
1998-99 Dwight Yorke Manchester United
29%
1999-00 Kevin Phillips Sunderland
24%
2000-01 Patrick Vieira Arsenal
21%
1995-96 Peter Schmeichel Manchester United
10%
1996-97 Juninho Paulista Middlesbrough
7%
2001-02 Freddie Ljunberg Arsenal
2%
No matching quizzes found
Score Distribution
Percent of People with Each Score
Percentile by Number Answered
Your Score History
You have not taken this quiz